Trazo a Trazo: aprendiendo caligrafía
Saved in:
| Main Authors: | , |
|---|---|
| Format: | Bog |
| Sprog: | spansk |
| Udgivet: |
Santiago
Andrés Bello
2000
|
| Udgivelse: | 1a. ed |
| Fag: | |
| Tags: |
Tilføj Tag
Ingen Tags, Vær først til at tagge denne postø!
|
MARC
| LEADER | 00000nam a2200000 a 4500 | ||
|---|---|---|---|
| 001 | UCH0543 | ||
| 003 | CL-VaPUC | ||
| 008 | 090312e20000200CL |||||||||||||||||spa|d | ||
| 020 | |a 9561316226 | ||
| 082 | 0 | 4 | |a 372.634 |b CON |2 21 |
| 100 | 0 | |a Condemarin Grimberg, Mabel |e author |9 534755 | |
| 700 | 0 | |a Chadwick Weinstein, Mariana |e author |9 534756 | |
| 245 | 1 | 0 | |a Trazo a Trazo: aprendiendo caligrafía |
| 250 | |a 1a. ed | ||
| 300 | |a 128 p | ||
| 942 | |c BK | ||
| 945 | |d 20090312 00:00:00 |a dcastane | ||
| 260 | |a Santiago |b Andrés Bello |c 2000 | ||
| 650 | 0 | |a Aprendizaje de la escritura |9 483523 | |
| 650 | 0 | |a Métodos de enseñanza |9 270413 | |
| 650 | 7 | |a PSICOMOTRICIDAD |2 CL-VaPUC |9 241072 | |
| 650 | 7 | |a ORIENTACION ESPACIAL |2 CL-VaPUC |9 534757 | |
| 650 | 7 | |a ORIENTACION TEMPORAL |2 CL-VaPUC |9 534758 | |
| 583 | |a last modification |c 20140401 10:25:30 |k Rodrigo Vera | ||
| 999 | |c 332837 |d 332835 | ||
| 952 | |0 0 |1 0 |4 0 |6 372_634000000000000_CON_2000 |7 0 |8 A |9 420832 |a BIBEDU |b BIBEDU |d 2019-11-22 |i 4515862 |o 372.634 CON 2000 |p 4515862 |r 2019-11-22 |w 2019-11-22 |y BK |k EBA | ||
| 952 | |0 0 |1 0 |4 0 |6 372_634000000000000_CON_2000 |7 0 |8 A |9 420833 |a BIBEDU |b BIBEDU |d 2019-11-22 |i 4515854 |o 372.634 CON 2000 |p 4515854 |r 2019-11-22 |w 2019-11-22 |y BK |k EBA | ||